| 000 | 00450cam a22001451 4500 | ||
|---|---|---|---|
| 082 |
_a624.1771 _bHAR _cL-20, P-75 |
||
| 100 | 1 |
_aHarris, Charles Overton, _942940 |
|
| 245 | 1 | 0 | _aElementary structural design. |
| 260 |
_aChicago, _bAmerican Technical Society, _c1951. |
||
| 300 |
_avi, 163 p. _billus. _c29 cm. |
||
| 526 |
_a0 _b0 _c0 _d624_177100000000000_HAR |
||
| 650 | 0 |
_aMCE _9379 |
|
| 650 | 0 |
_aStructural analysis (Engineering) _9654 |
|
| 942 |
_2ddc _cBK |
||
| 999 |
_c546744 _d546744 |
||